| 000 | 00811cab a2200217 4500 | ||
|---|---|---|---|
| 001 | ABS44433 | ||
| 008 | 090401t1991 xxu||||| |||| 00| 0 eng d | ||
| 035 | _a(Sirsi) u47068 | ||
| 041 | _aeng | ||
| 100 | _aLeatherdale, J. | ||
| 245 | _aCommissioning land surveying, mapping and data collection services | ||
| 260 | _c1991 | ||
| 350 | _a0 | ||
| 490 |
_aLand & Minerals Surveying _v9(4) April 1991, 5-7(3) |
||
| 520 | _aDefines the position of the independent consultant , who organises the procurement process for the client, which includes defining the client`s requirements, issuing tenders and monitoring progress of delivery . | ||
| 650 | _aMANAGEMENT-BUSINESS MANAGEMENT-INFORMATION MANAGEMENT | ||
| 650 | _aSPATIAL INFORMATION | ||
| 690 | _aLAND SURVEYING | ||
| 942 | _n0 | ||
| 948 | _c04/03/1997 | ||
| 999 |
_c29684 _d29684 |
||